| 000 | 00000nam 2200000zi 4500 |
| 001 | 9.950296 |
| 003 | CaOODSP |
| 005 | 20250714135839 |
| 006 | m o d f |
| 007 | cr mn||||||||| |
| 008 | 250422e198101##bccab ob f000 0 eng d |
| 040 | |aCaOODSP|beng|erda|cCaOODSP |
| 041 | 0 |aeng|beng|bfre |
| 043 | |an-cn-bc|apn----- |
| 045 | |ax8x8 |
| 086 | 1 |aFs97-4/1600E-PDF|zFs97-4/1600 |
| 100 | 1 |aHaegele, C. W., |eauthor. |
| 245 | 10|aDiving survey assessment of 1980 herring spawnings in British Columbia / |cby C.W. Haegele. |
| 264 | 1|aNanaimo, British Columbia : |bDepartment of Fisheries and Oceans, Resource Services Branch, Pacific Biological Station, |cJanuary 1981. |
| 264 | 4|c©1981 |
| 300 | |a1 online resource (iv, 111 pages) : |billustrations, maps. |
| 336 | |atext|btxt|2rdacontent |
| 337 | |acomputer|bc|2rdamedia |
| 338 | |aonline resource|bcr|2rdacarrier |
| 490 | 1 |aCanadian manuscript report of fisheries and aquatic sciences, |y0706-6473 ; |vno. 1600 |
| 500 | |aDigitized edition from print [produced by Department of Fisheries and Oceans]. |
| 504 | |aIncludes bibliographical references (pages 9-11). |
| 520 | 3 |a"Diving surveys of herring spawn were made for some sections within most major geographical divisions of the coast. The most complete diving survey coverage was for the Strait of Georgia and the North Coast, there was limited coverage for the west coast of Vancouver Island and the Central Coast and there were no diving surveys in the Queen Charlotte Islands and in Johnstone Strait. Results from diving surveys were compared to results from Fishery Officer surveys. Compared to diving survey results, Fishery Officer survey results tended to underestimate the area of spawn and the quantity of eggs and there were regional differences in this discrepancy. Fishery Officers reported larger proportions of spawn on rockweed and rock, the predominant spawn substrate in the intertidal zone, than divers. Diver results showed that there are regional differences in spawn substrate type. Stock estimates from spawn deposition were made for sections surveyed by divers"--Abstract, page iii. |
| 546 | |aIncludes abstracts in English and French. |
| 650 | 0|aPacific herring|zBritish Columbia|zPacific Coast. |
| 650 | 0|aPacific herring|xEggs|zBritish Columbia|zPacific Coast. |
| 650 | 0|aFish populations|xEstimates|zBritish Columbia|zPacific Coast. |
| 650 | 6|aHareng du Pacifique|zColombie-Britannique|zPacifique, Côte du. |
| 650 | 6|aHareng du Pacifique|xŒufs|zColombie-Britannique|zPacifique, Côte du. |
| 650 | 6|aPoissons|xPopulations|xEstimation|zColombie-Britannique|zPacifique, Côte du. |
| 710 | 1 |aCanada. |bDepartment of Fisheries and Oceans, |eissuing body. |
| 710 | 2 |aPacific Biological Station (1972- ), |eissuing body. |
| 830 | #0|aCanadian manuscript report of fisheries and aquatic sciences ;|vno. 1600.|w(CaOODSP)9.505211 |
| 856 | 40|qPDF|s1.85 MB|uhttps://publications.gc.ca/collections/collection_2025/mpo-dfo/fs97-4/Fs97-4-1600-eng.pdf |